000 00344 a2200109 4500
001 ART_38586
005 20260410162011.0
008 260409a
245 1 0 _aRelato e historia reciente en la conformación de proyectos multimodales
100 1 _aCasiello, Francisco
773 0 _tAnuario
_g- Nº 6 (ene./dic. 2009)
_wREV38525
999 _c32215
_d32215